Devil's harvest /

Two microbiologists, rivals in love, work out a complex formula for converting algae into nutritious food, but one of them works for the Chinese Communists. Set in Laos.

Bibliographic Details
Main Author: Slaughter, Frank G. (Frank Gill), 1908-2001
Format: Book
Language:English
Published: Garden City, N.Y. : Doubleday, ©1963.
Edition:Book Club ed.
Subjects:

MARC

Tag First Indicator Second Indicator Subfields
LEADER 00000cam a22000001a 4500
001 in00000486331
005 20241023113547.0
008 861010s1963 nyu 000 1 eng
010 |a  63008743  
019 |a 287924  |a 7728306  |a 16672492  |a 463849686  |a 731354604  |a 1010980110  |a 1277102407 
029 1 |a AU@  |b 000023772152 
035 |a (OCoLC)ocm14373192  
035 |a (OCoLC)14373192  |z (OCoLC)287924  |z (OCoLC)7728306  |z (OCoLC)16672492  |z (OCoLC)463849686  |z (OCoLC)731354604  |z (OCoLC)1010980110  |z (OCoLC)1277102407 
035 |a (OCoLC)ocm14373192  
040 |a DLC  |b eng  |c ANO  |d DLC  |d BTCTA  |d CKL  |d OCLCQ  |d BGCBL  |d OCLCF  |d OCLCQ  |d OCLCO  |d OCLCA  |d GILDS  |d OCLCO  |d OCL  |d OCLCO  |d OCLCL  |d OCLCQ  |d OCLCL 
043 |a a-ls--- 
050 0 0 |a PZ3.S63165  |b Dg  |a PS3537.L38 
082 0 |a 813/.5/2 
100 1 |a Slaughter, Frank G.  |q (Frank Gill),  |d 1908-2001.  |1 https://id.oclc.org/worldcat/entity/E39PBJvCWMWkrtQqqMbFKFqvpP 
245 1 0 |a Devil's harvest /  |c Frank G. Slaughter. 
250 |a Book Club ed. 
260 |a Garden City, N.Y. :  |b Doubleday,  |c ©1963. 
300 |a 217 pages ;  |c 22 cm 
336 |a text  |b txt  |2 rdacontent 
337 |a unmediated  |b n  |2 rdamedia 
338 |a volume  |b nc  |2 rdacarrier 
520 |a Two microbiologists, rivals in love, work out a complex formula for converting algae into nutritious food, but one of them works for the Chinese Communists. Set in Laos. 
651 0 |a Laos  |v Fiction. 
651 7 |a Laos  |2 fast  |1 https://id.oclc.org/worldcat/entity/E39PBJhxrKHVvQQHCWG3XrVwG3 
655 7 |a novels.  |2 aat 
655 7 |a Novels  |2 fast 
655 7 |a Fiction  |2 fast 
655 7 |a Fiction.  |2 lcgft 
655 7 |a Novels.  |2 lcgft 
655 7 |a Romans.  |2 rvmgf 
758 |i has work:  |a Devil's harvest (Text)  |1 https://id.oclc.org/worldcat/entity/E39PCFFxXy9VjQ3v4kytT3pRXd  |4 https://id.oclc.org/worldcat/ontology/hasWork 
938 |a Baker and Taylor  |b BTCP  |n 63008743 
948 |h HELD BY TXA - 567 OTHER HOLDINGS 
994 |a Z0  |b TXA 
999 f f |s 54b1b9e1-8ecb-3e8e-bdd5-bad789f8b9a8  |i caa049be-183e-3c5f-bcf2-60f6da91618d  |t 0 
952 f f |p ric  |a Texas A&M University  |b Rellis Campus  |c Joint Library Facility  |s JLF  |d Remote Storage  |t 0  |e PS3537.L38 D48 1963  |h Library of Congress classification  |i unmediated -- volume  |m A14804281087